Представление документа в формате MARC21

Поле Инд. ПП Название Значение
Тип записи a
Библиографический уровень m
001 Контрольный номер 6a3e7c9c-81b2-4b5e-99bc-bebe1c788663
005 Дата корректировки 20230511145238.0
008 Кодируемые данные 981226 d
020 a ISBN 5-85285-255-4
080 a Индекс УДК 75
084 a Индекс другой классификации/Индекс ББК Щ310
a Индекс другой классификации/Индекс ББК Щ313(0)
090 c Каталожный индекс Щ310 + Щ313(0)
x Авторский знак К64
a Полочн. индекс Щ310
100 1_ a Автор Кон Юзеф Гейманович
245 00 a Заглавие Избранные статьи о музыкальном языке
c Ответственность Ю.Кон
260 0_ a Место издания Санкт-Петербург
b Издательство Композитор
c Дата издания 1994
300 a Объем 156,[2] с.
b Иллюстрации/ тип воспроизводства нот. ил.
504 a Библиография Библиогр.: с.151-155
650 04 a Основная рубрика Музыка
x Основная подрубрика Теория
x Основная подрубрика История
653 0_ a Ключевые слова История музыки
a Ключевые слова Теория музыки
852 41 i Расстановочный признак Проверка 2023
920 a Оператор Хохл
952 c Вид литературы К рн
954 a Дата поступления на обработку 04.10.95
e Дата перешифровки 20230511